| 000 | 00621nam a22001937a 4500 | ||
|---|---|---|---|
| 003 | OSt | ||
| 005 | 20260703152812.0 | ||
| 008 | 260703b |||||||| |||| 00| 0 eng d | ||
| 020 | _a978-0-393-93584-4 | ||
| 040 | _cChuka University Library | ||
| 050 | _aPE 1431 G7 2014 | ||
| 100 |
_aGraff Gerald _933046 |
||
| 245 | _aThey Say I Say : The Moves That Matter In Academic Writing | ||
| 260 |
_aNew York _bW.W . Norton and Company _c2014 |
||
| 300 | _aXI, 323 P | ||
| 650 |
_aEnglish Language --- Rhetoric--- Handbooks, manuals _931609 |
||
| 650 |
_aPersuasion[rhetoric]--- Handbooks, manual _933047 |
||
| 942 |
_2lcc _cBK _n0 |
||
| 999 |
_c26136 _d26136 |
||